Moby Dick o la ballena blanca

Enregistré dans:
Détails bibliographiques
Auteur principal: Melville, Herman, 1819-1891 (autor)
Format: Livre
Langue:espagnol
Publié: Barcelona Sopena 1974
Collection:Biblioteca Clásica Sopena, 11
Sujets:
Tags: Ajouter un tag
Pas de tags, Soyez le premier à ajouter un tag!

MARC

LEADER 00000nam a2200000 a 4500
001 UCV7909
003 CL-VaPUC
008 900308e19740000SP |||||||||||||||||spa|d
082 0 4 |a 813  |b MEL  |2 21 
100 |a Melville, Herman,  |d 1819-1891  |e autor  |9 308857 
245 1 0 |a Moby Dick o la ballena blanca 
300 |a 479 p 
942 |c BK 
945 |d 19900308 00:00:00 
260 |a Barcelona  |b Sopena  |c 1974 
650 0 |a Novelas estadounidenses  |9 265217 
583 |a last modification  |c 19900308 00:00:00  |k Rodrigo Vera 
490 0 |a Biblioteca Clásica Sopena, 11 
999 |c 213516  |d 213514 
952 |0 0  |1 0  |4 0  |6 813_000000000000000_MEL_1974  |7 0  |8 A  |9 195975  |a BIBARQ  |b BIBARQ  |d 2019-11-14  |i 2639394  |l 6  |o 813 MEL 1974  |p 2639394  |r 2025-01-20  |s 2023-09-14  |w 2019-11-14  |y BK  |k ARQ